Sports Quiz

Random Sports or Soccer Quiz

Euro 2012 Squad: France Quiz Stats

Quiz not verified by Sporcle

Challenge
Share
Tweet
Embed
Score 0/23 Timer 06:00
0 Plays Today
Position Player % Correct
GKHugo Lloris
94.6%
FWKarim Benzema
93.2%
DFPatrice Evra
92.8%
MFSamir Nasri
90.1%
MFFranck Ribéry
89.6%
DFGaël Clichy
85.6%
MFFlorent Malouda
83.8%
MFYohan Cabaye
83.3%
DFPhilippe Mexès
81.5%
GKSteve Mandanda
78.4%
DFLaurent Koscielny
75.7%
FWOlivier Giroud
75.2%
Position Player % Correct
FWHatem Ben Arfa
73%
DFAdil Rami
66.2%
DFMathieu Debuchy
61.3%
MFYann M'Vila
58.1%
FWMathieu Valbuena
57.2%
FWJérémy Ménez
57.2%
MFAlou Diarra
54.1%
MFBlaise Matuidi
45.5%
MFMarvin Martin
42.3%
GKCédric Carrasso
39.6%
DFAnthony Réveillère
35.1%

You're not logged in!

Compare scores with friends on all Sporcle quizzes.
Sign Up with Email
OR
Log In

You Might Also Like...

Show Comments

Extras

Top Quizzes Today


Score Distribution

Your Account Isn't Verified!

In order to create a playlist on Sporcle, you need to verify the email address you used during registration. Go to your Sporcle Settings to finish the process.